00635nam a2200217 4500003000400000005001700004008004100021020001500062040001800077050001600095100002200111245008000133264003700213300004000250336002200290337002400312338002400336650002900360942001100389999001700400OSt20260601193841.0260421b2003 xxua|||| |||| 00| 0 eng d a1400040507 aICIbspacICI 0aTA174bP478 1a Petroski, Henry, 1aSmall things considered :bwhy there is no perfect design /cHenry Petroski b A. A. Knopf,cc2003aNew York : a288 páginasbilustracionesc24cm. atexto2rdacontent asin medio2rdamedia avolumen2rdacarrier 0aDiseño en ingeniería 2lcccB c21460d21460